الموجز في الطب

Bibliographic Details
Main Authors: ابن النفيس، علي بن ابي الحزم (Author), عزباوي، عبد الكريم (Author), عمار, احمد (Author)
Format: Book
Published: Qahirah : Dar al-Kitab al-Misri , 1986
Subjects:

MARC

LEADER 00000cam a2200000 7i4500
001 0000041521
005 20170321093000.0
008 021119 ara
090 0 0 |a BP166.72   |b .I26 1986 
100 0 |a ابن النفيس، علي بن ابي الحزم ,   |e author 
241 2 0 |a Mujaz fi al-tibb 
245 1 2 |a الموجز في الطب   |c علاء الدين على بن ابى الحزم القرشى المتطبب المعروف بابن النفيس ; تحقيق عبد الكريم العزباوي ; مراجعة احمد عمار 
260 2 |a Qahirah :   |b Dar al-Kitab al-Misri ,   |c 1986 
300 |a 349 p. ;   |c 27 cm. 
504 |a Includes bibliographical references (p. 327-329) and indexes 
650 0 |a Medicine, Arab 
650 0 |a Medicine   |x Religious aspects   |x Islam   |v Early works to 1800 
700 1 |a عزباوي، عبد الكريم ,   |e author 
700 1 |a عمار, احمد ,   |e author 
999 |a 1000061549   |b Book   |c OPEN SHELF (30 DAYS)   |e Gong Badak Campus